| 000 | 00767nam a2200205 a 4500 | ||
|---|---|---|---|
| 001 | 000006581 | ||
| 005 | 20200929153944.0 | ||
| 008 | 090901s1992 dr 001 0 spa d | ||
| 020 | _a8489525439 | ||
| 040 |
_aDO-SdBNP _bspa _cBNPHU |
||
| 082 |
_axxx _bP438m |
||
| 100 | 1 |
_aPérez, César _911675 |
|
| 245 | 1 | 0 |
_aMovimientos sociales dominicanos : _bidentidad y dilemas / _cCésar Pérez, Leopoldo Artiles. |
| 260 |
_aSanto Domingo : _bInstituto Tecnológico De Santo Domingo, _c1992. |
||
| 300 |
_a158 p. : _bil. ; _c21 cm. |
||
| 490 | 1 |
_aInvestigaciones ; _v10 |
|
| 500 | _aIncluye referencias bibliográficas y notas al pie de las páginas | ||
| 500 | _aIncluye datos biográficos de los autores en la solapa de la cubierta | ||
| 830 | 0 |
_aInvestigaciones ; _n10 _918270 |
|
| 999 |
_c6372 _d6372 |
||